| 000 | 00612nam a22002177a 4500 | ||
|---|---|---|---|
| 003 | OSt | ||
| 005 | 20181016184555.0 | ||
| 008 | 181016b xxu||||| |||| 00| 0 eng d | ||
| 020 | _a9780781763301 | ||
| 040 | _cDNLM | ||
| 082 | _aQV704 R15p 2007 | ||
| 100 |
_aRantucci, Melanie J. _912731 |
||
| 245 | _aPharmacists Talking with Patients: a guide to patient counseling | ||
| 250 | _a2nd ed. | ||
| 260 | _aPhiladelphia; Lippincott Williams, 2007 | ||
| 300 | _axi,300p; col.ill: 23.5cm | ||
| 504 | _aAppendix & index included | ||
| 650 |
_aPharmacy _912732 |
||
| 650 |
_aCounseling _95122 |
||
| 942 |
_2z _cSLOAN |
||
| 999 |
_c6168 _d6168 |
||